Obálka Náhled e-knihy:
PDF Epub
Pro půjčování e-knih musíte být přihlášeni.
Jak si půjčit online?

Po roce 1177 př. Kr. /

V pokračování své úspěšné knihy se americký archeolog Eric H. Cline znovu vrací ke kolapsu civilizací doby bronzové ve Středomoří a na Předním východě. Tentokrát se soustředí na období následující po zhroucení těchto vyspělých společností. Ukazuje, že i uprostřed chaosu vznikaly zásadní inovace, od...

Celý popis

Uloženo v:
Hlavní autor: Cline, Eric H. (Autor)
Médium: E-kniha
Jazyk:Czech
Vydáno: Praha : Albatros Media a.s., 2026
Tagy:
Žádné tagy
LEADER 01562nam a22002297i 4500
001 297562
007 ta
008 260413s2026 xr ||||| |||| 00| 0 cze d
020 |a 9788026734024 
044 |a xr 
100 1 |a  Cline, Eric H.  |4 aut 
245 1 0 |a Po roce 1177 př. Kr. /  |c  Cline, Eric H. 
240 1 0 |a After 1177 B.C. 
264 1 |a Praha :  |b Albatros Media a.s.,  |c 2026 
300 |a 1 online zdroj (384 stran) 
336 |a text  |b txt  |2 rdacontent 
337 |a bez média  |b n  |2 rdamedia 
338 |a online zdroj  |b cr  |2 rdacarrier 
520 2 |a V pokračování své úspěšné knihy se americký archeolog Eric H. Cline znovu vrací ke kolapsu civilizací doby bronzové ve Středomoří a na Předním východě. Tentokrát se soustředí na období následující po zhroucení těchto vyspělých společností. Ukazuje, že i uprostřed chaosu vznikaly zásadní inovace, od rozšíření železa až po nové podoby písma. Na příkladu strategií, které zvolili Asyřané, Egypťané, Féničané a další, přibližuje, proč některé civilizace dokázaly obrovské otřesy přežít, zatímco jiné zcela zanikly. 
910 |a RBIT002 
998 |d 426177  |a https://core.palmknihy.cz/api/books/426177/cover?tdar4i  |b https://core.palmknihy.cz/api/books/426177/cover/400?tdar4i  |c https://core.palmknihy.cz/api/books/426177/cover/50?tdar4i  |e 2030-12-05  |g 384  |i 9788026734024  |j https://core.palmknihy.cz/api/books/426177/preview.epub  |k https://core.palmknihy.cz/api/books/426177/preview.pdf  |l   |q 49  |r 1  |s https://www.palmknihy.cz/kniha/426177  |t ebook  |y 2026  |z 1 
999 |d 297560